[Event "Lipetsk op 11th"]
[Site "Lipetsk"]
[Date "2007.08.13"]
[Round "9"]
[White "Ruchkin, Ivan"]
[Black "Kolesnikov, Mitrofan"]
[Result "1-0"]
[WhiteElo "2053"]
[BlackElo "2005"]
[PlyCount "82"]
[EventDate "2007.08.05"]
[EventType "swiss"]
[EventRounds "9"]
[EventCountry "RUS"]
[SourceTitle "EXT 2022"]
[Source "ChessBase"]
[SourceDate "2021.10.06"]
[SourceVersion "1"]
[SourceVersionDate "2021.10.06"]
[SourceQuality "1"]

1. e4 c5 2. Nf3 Nc6 3. d4 cxd4 4. Nxd4 Nf6 5. Nc3 e5 6. Ndb5 d6 7. Bg5 a6 8. Na3 b5 9. Bxf6 gxf6 10. Nd5 Bg7 11. c3 0-0 12. Nc2 f5 13. Bd3 fxe4 14. Bxe4 f5 15. Nf6+ Qxf6 16. Bxc6 Ra7 17. Qd5+ Be6 18. Qd3 Kh8 19. Bd5 e4 20. Qe3 Re7 21. Bxe6 Qxe6 22. Nd4 Qg6 23. g3 Bh6 24. f4 exf3 25. Qxe7 Re8 26. Qxe8+ Qxe8+ 27. Kf1 Qe4 28. Re1 Qd3+ 29. Kf2 Kg8 30. Nxf3 Qd5 31. Re8+ Kf7 32. Rhe1 Qxa2 33. R8e7+ Kg8 34. R1e2 Qd5 35. Nd4 Bf8 36. Re8 Qf7 37. Ra8 f4 38. Ke1 f3 39. Ree8 Qf6 40. Rxf8+ Qxf8 41. Rxf8+ Kxf8 1-0

[Event "Lipetsk op 11th"]
[Site "Lipetsk"]
[Date "2007.08.12"]
[Round "8"]
[White "Kolesnikov, Mitrofan"]
[Black "Ajrapetian, Gevorg"]
[Result "0-1"]
[WhiteElo "2005"]
[BlackElo "2251"]
[PlyCount "68"]
[EventDate "2007.08.05"]
[EventType "swiss"]
[EventRounds "9"]
[EventCountry "RUS"]
[SourceTitle "EXT 2022"]
[Source "ChessBase"]
[SourceDate "2021.10.06"]
[SourceVersion "1"]
[SourceVersionDate "2021.10.06"]
[SourceQuality "1"]

1. d4 Nf6 2. e3 g6 3. c3 Bg7 4. f4 d5 5. Nf3 Nbd7 6. Be2 c5 7. 0-0 0-0 8. Ne5 cxd4 9. cxd4 Nb6 10. Nd2 Bf5 11. Ndf3 Rc8 12. Bd3 Ne4 13. Nh4 Bd7 14. f5 e6 15. Nxd7 Nxd7 16. fxe6 fxe6 17. Nf3 Nd6 18. b3 Nf5 19. Qe2 Re8 20. g4 Nh6 21. h3 e5 22. dxe5 Nxe5 23. Nxe5 Bxe5 24. Rb1 Nf7 25. Ba3 Bd4 26. Rf3 Ng5 27. Rf8+ Rxf8 28. Bxf8 Qxf8 29. exd4 Nxh3+ 30. Kh1 Re8 31. Qc2 Qf3+ 32. Kh2 Qf4+ 33. Kg2 Qxg4+ 34. Kh2 Nf4 0-1

[Event "Lipetsk op 11th"]
[Site "Lipetsk"]
[Date "2007.08.08"]
[Round "4"]
[White "Kolesnikov, Mitrofan"]
[Black "Divakov, Oleg1111"]
[Result "1/2-1/2"]
[WhiteElo "2005"]
[BlackElo "1958"]
[PlyCount "80"]
[EventDate "2007.08.05"]
[EventType "swiss"]
[EventRounds "9"]
[EventCountry "RUS"]
[SourceTitle "EXT 2022"]
[Source "ChessBase"]
[SourceDate "2021.10.06"]
[SourceVersion "1"]
[SourceVersionDate "2021.10.06"]
[SourceQuality "1"]

1. e4 c5 2. Nf3 Nc6 3. d4 cxd4 4. Nxd4 e5 5. Nb5 d6 6. N1c3 a6 7. Na3 b5 8. Nd5 Be6 9. Be3 Rb8 10. Be2 Nf6 11. Nxf6+ Qxf6 12. 0-0 Be7 13. c3 0-0 14. f4 Rfd8 15. f5 Bd7 16. Nc2 Bf8 17. Qd2 Qe7 18. Qd5 Kh8 19. Rf3 f6 20. Raf1 Be8 21. Rh3 Qf7 22. Qd1 Qg8 23. Rff3 d5 24. Rxh7+ Qxh7 25. Rh3 Qxh3 26. gxh3 d4 27. cxd4 Nxd4 28. Nxd4 exd4 29. Bf4 Bd6 30. Bd2 d3 31. Bf3 Rbc8 32. Ba5 Rd7 33. Kf1 Bf4 34. Bd2 Be5 35. Qb3 Bf7 36. Qa3 Rc2 37. Qxa6 Rd6 38. Qb7 Bxa2 39. Qa8+ Bg8 40. Qe8 g6 1/2-1/2

[Event "Lipetsk op 11th"]
[Site "Lipetsk"]
[Date "2007.08.07"]
[Round "3"]
[White "Udodov, Andrey"]
[Black "Kolesnikov, Mitrofan"]
[Result "1-0"]
[WhiteElo "2024"]
[BlackElo "2005"]
[PlyCount "155"]
[EventDate "2007.08.05"]
[EventType "swiss"]
[EventRounds "9"]
[EventCountry "RUS"]
[SourceTitle "EXT 2022"]
[Source "ChessBase"]
[SourceDate "2021.10.06"]
[SourceVersion "1"]
[SourceVersionDate "2021.10.06"]
[SourceQuality "1"]

1. e4 e5 2. Nc3 Nf6 3. f4 exf4 4. Nf3 Bb4 5. e5 Bxc3 6. bxc3 Nh5 7. Ba3 d6 8. exd6 cxd6 9. Bb5+ Nc6 10. Qe2+ Be6 11. Nd4 Qh4+ 12. Qf2 Qxf2+ 13. Kxf2 Kd7 14. Rhe1 a6 15. Be2 Nf6 16. Bf3 Rhe8 17. Rab1 Rab8 18. Rb6 Bd5 19. Reb1 Kc7 20. Nxc6 Bxf3 21. Nxb8 Ne4+ 22. Kxf3 Nxd2+ 23. Kf2 Nxb1 24. Rxb1 Rxb8 25. Re1 Kc6 26. Re7 Rf8 27. Kf3 g5 28. h4 gxh4 29. Kxf4 Rg8 30. Re2 h5 31. Bc1 Rg4+ 32. Ke3 h3 33. gxh3 Rg3+ 34. Kd4 Rxh3 35. Rf2 Rh1 36. Bd2 Ra1 37. Rxf7 Rxa2 38. Kd3 Ra5 39. c4 Ra1 40. Rh7 Rh1 41. Rh6 Rh3+ 42. Kd4 Rh4+ 43. Kc3 b5 44. cxb5+ axb5 45. Bg5 Rh3+ 46. Kb4 Rh2 47. Kb3 Rf2 48. Be7 Rd2 49. Rxh5 Re2 50. Bf8 Rd2 51. c3 Rf2 52. Bg7 Rf1 53. Rh6 Rd1 54. Bf8 Kc5 55. Rh5+ Kc6 56. Rh4 Rb1+ 57. Kc2 Rf1 58. Be7 Re1 59. Bd8 Ra1 60. Rd4 Ra7 61. Bg5 Rg7 62. Bf4 Rg6 63. Kb3 Kc5 64. Rd3 Re6 65. Be3+ Kc6 66. Bc1 Rg6 67. Ba3 Re6 68. Kb4 Rg6 69. Ka5 Rh6 70. Rxd6+ Rxd6 71. Bxd6 Kxd6 72. Kxb5 Kc7 73. Kc5 Kb7 74. Kd6 Kc8 75. c4 Kb7 76. c5 Kc8 77. Kc6 Kb8 78. Kd7 1-0

[Event "Lipetsk Alekhin Cup"]
[Site "Lipetsk"]
[Date "2007.01.26"]
[Round "9"]
[White "Skomorohov, Grigorij"]
[Black "Kolesnikov, Mitrofan"]
[Result "1-0"]
[WhiteElo "2171"]
[BlackElo "2050"]
[PlyCount "87"]
[EventDate "2006.12.12"]
[EventType "tourn"]
[EventRounds "9"]
[EventCountry "RUS"]
[SourceTitle "EXT 2019"]
[Source "ChessBase"]
[SourceDate "2018.10.10"]
[SourceVersion "1"]
[SourceVersionDate "2018.10.10"]
[SourceQuality "1"]

1. c4 c5 2. Nc3 g6 3. g3 Bg7 4. Bg2 e6 5. e4 Nc6 6. Nge2 Nge7 7. 0-0 0-0 8. d3 b6 9. a3 Bb7 10. Rb1 a5 11. Bf4 Nd4 12. Nxd4 cxd4 13. Nb5 e5 14. Bg5 f6 15. Bd2 Bc6 16. Qb3 h5 17. f4 Bxb5 18. Qxb5 Qc7 19. Bh3 d6 20. Rf2 Rfd8 21. Rbf1 Kf7 22. Qb3 Qc5 23. Qd1 Rh8 24. b4 Qc7 25. Qb3 Ke8 26. fxe5 dxe5 27. Rc1 h4 28. Be6 a4 29. Qa2 b5 30. c5 g5 31. Bg4 Rf8 32. c6 hxg3 33. hxg3 Kd8 34. Qe6 Nc8 35. Rc5 Nb6 36. Rh2 Re8 37. Qf5 Ra7 38. Rh7 Re7 39. Rxb5 Ra6 40. Rxg7 Rxg7 41. Qxf6+ Qe7 42. Bxg5 Qxf6 43. Bxf6+ Kc7 44. Bxg7 1-0

[Event "Lipetsk Alekhin Cup"]
[Site "Lipetsk"]
[Date "2006.12.17"]
[Round "2"]
[White "Kolesnikov, Mitrofan"]
[Black "Sokolov, Yury"]
[Result "1-0"]
[WhiteElo "2050"]
[BlackElo "2014"]
[PlyCount "66"]
[EventDate "2006.12.12"]
[EventType "tourn"]
[EventRounds "9"]
[EventCountry "RUS"]
[SourceTitle "EXT 2019"]
[Source "ChessBase"]
[SourceDate "2018.10.10"]
[SourceVersion "1"]
[SourceVersionDate "2018.10.10"]
[SourceQuality "1"]

1. e4 e5 2. Nf3 d6 3. d4 exd4 4. Qxd4 Nf6 5. Bb5+ c6 6. Be2 Nbd7 7. Bf4 Nb6 8. Nc3 Be7 9. 0-0-0 d5 10. exd5 Nbxd5 11. Bc4 Be6 12. Ng5 0-0 13. Nxe6 fxe6 14. Qe5 Qc8 15. f3 b5 16. Bb3 a5 17. a4 b4 18. Ne2 Bd8 19. Bd2 c5 20. Bc4 Bc7 21. Qg5 Bd6 22. Rde1 Nb6 23. Bb5 Nfd5 24. Ng3 c4 25. Ne4 Be7 26. Qe5 Rf5 27. Qd4 e5 28. Qf2 c3 29. Be3 cxb2+ 30. Kb1 Nc3+ 31. Nxc3 Nc4 32. Nd5 Na3+ 33. Kxb2 Bf8 1-0